header

Poe, Fuller, and the mesmeric arts (Record no. 81581)

MARC details
000 -LEADER
fixed length control field 02057nam a2200409Ia 4500
082 04 - DEWEY DECIMAL CLASSIFICATION NUMBER
Classification number 810.9/353
100 1# - MAIN ENTRY--AUTHOR NAME
Personal name Mills, Bruce,
245 10 - TITLE STATEMENT
Title Poe, Fuller, and the mesmeric arts
260 ## - PUBLICATION, DISTRIBUTION, ETC. (IMPRINT)
Place of publication Columbia :
Name of publisher University of Missouri Press,
Year of publication c2005.
300 ## - PHYSICAL DESCRIPTION
Number of Pages 202 p.
520 ## - SUMMARY, ETC.
Summary, etc "Examines how the writings of Edgar Allan Poe and Margaret Fuller draw from representations of and theories concerning animal magnetism, somnambulism, or hypnosis rendered in newspapers, literary and medical journals, pamphlets, and books, and also includes discussion of Ralph Waldo Emerson, Lydia Maria Child, and Walt Whitman"--Provided by publisher.
650 #0 - SUBJECT ADDED ENTRY--TOPICAL TERM
Topical Term American literature
Topical Term Mesmerism in literature.
Topical Term Mesmerism
Topical Term Altered states of consciousness in literature.
Topical Term Animal magnetism in literature.
Topical Term Sleepwalking in literature.
Topical Term Hypnotism in literature.
856 40 - ELECTRONIC LOCATION AND ACCESS
Uniform Resource Identifier http://site.ebrary.com/lib/rucke/Doc?id=10128970

No items available.

© 2026 Rongo University
Contact us: librarian | system librarian | Rongo university